Men's Olympic table tennis Gold Medalists - Statistics

General Stats
  • This quiz has been taken 44 times
    19 since last reset
  • The average score is 7 of 10
Answer Stats
Games Answer % Correct
2024 Fan Zhendong
100%
2016 Ma long
100%
2020 (2021) Ma long
100%
2008 Ma lin
93%
2012 Zhang Jike
79%
1996 Liu Guoliang
64%
1992 Jan-Ove Waldner
57%
2004 Ryu Seung-min
43%
2000 Kong Linghui
29%
1988 Yoo Nam-kyu
14%
No matching quizzes found
Score Distribution
Percent of People with Each Score
Percentile by Number Answered
Your Score History
You have not taken this quiz since the last reset